00503nam a2200169Ia 450000500170000000800410001708200130005810000220007124500610009326000240015430000110017865000150018965000130020494200060021795200950022399900150031820240607022334.0240331s9999 xx 000 0 und d bSRIa352 aKumaraswamy,R. ed 0aSri Lanka :bprovincial council elections and devolution aColombobICESc1993 a63 p., aDevolution aElection cL 001040708LaWERCLbWERCLcSSCd2024-03-31l0o 352 SRIp2499r2024-03-31w2024-03-31yL c3521d3521